000 01143nam a2200277 a 4500
001 79586
003 BD-RjUL
005 20220511115640.0
008 220321s2006 bg a|||| m||| 00| 0 eng d
035 _a(BD-RjUL)79586
040 _aBD-RjUL
_beng
_cBD-RjUL
_dBD-RjUL
041 _aeng
082 _a323.154924
_bRAH 2006
_223
100 _aRahaman, Md. Aminur
_91940
245 0 1 _aHuman rights for backward Section of Citizens with Special Reference to Education :
_bA Study of Dhaka City Slum Dwellers /
_cMd. Aminur Rahaman ;
_6Supervisor : M. Habibur Rahman
260 _aRajshahi :
_bInstitute of Education and Research (IER), University of Rajshahi,
_c2006
300 _axix, 250 Leaves :
_bill. ;
_c29 cm.
502 _aThesis (Ph. D.) -- Institute of Education and Research (IER), University of Rajshahi, 2006
504 _aBibliography : Leaves [239]-250
600 _z
_92917
650 _aHuman rights
_zBanglasdesh
_zDhaka City
_92918
650 _aSlums
_zBanglasdesh
_zDhaka City
_92919
650 _aSocial justice.
_zBanglasdesh
_zDhaka City
_92920
700 _aRahman, M. Habibur, Supervisor
_91942
942 _2ddc
_cTHE
999 _c79586
_d79586